000 00385nam a2200145Ia 4500
008 240624s9999 xx 000 0 und d
041 _aeng
082 _a020 KUM
100 _aVASHISHTH C P
245 _aLIBRARY AND INFORMATION PROFESSION IN IN
260 _c2004
_aNew Delhi
_bB R Publishing Corporation
300 _axxxix, : 437 : p. : cm. ; 25
365 _cRS
_b20
440 _v3
999 _c13160
_d13160